| 000 | 01107nam0a2200325 4500 | ||
|---|---|---|---|
| 001 | RU\NLR\BIBL_A\022723104 | ||
| 005 | 20260406161348.0 | ||
| 010 |
_a978-5-222-45695-8 _94000 |
||
| 021 |
_aRU _bКН-П-25-077221 _9КН-П-25-7484 |
||
| 035 | _a(NLR Aleph) 022723104 | ||
| 090 |
_a13653888 _c13653888 |
||
| 100 | _a20260209d2026 u y0rusy50 ca | ||
| 101 | 0 | _arus | |
| 102 | _aRU | ||
| 105 | _aa z 000ay | ||
| 181 | 0 |
_ai _baxxe |
|
| 182 | 0 | _an | |
| 200 | 1 |
_aГород, в котором я стала счастливой _fАлла Литоренко |
|
| 203 |
_aТекст _bвизуальный _cнепосредственный |
||
| 210 |
_aРостов-на-Дону _cФеникс, ОКно _d2026 [т. е. 2025] |
||
| 215 |
_a125, [2] с. _cил. _d21 |
||
| 300 | _aКн. фактически изд. в 2025 г. | ||
| 333 | _a12+ | ||
| 686 | 0 | _aШ9(2)62=Р7-4 | |
| 700 | 1 |
_aЛиторенко _bА. А. _gАлла Алексеевна |
|
| 942 | _cBOOK | ||
| 980 | _aNB | ||